000 00427cam a2200181ua 4500
001 1426
008 110708n ii |||gr||||Z||||||eng
040 _cMAIN
082 _a338.954
100 1 _aRoy, Himansu,
_eAuthor.
245 1 _aFive year plan
_cby Himansu Roy
250 _a1st.
260 _aCulcutta:
_bH. Chatterjee & co. Ltd.
300 _a131p:9cm.
653 _aEconomics
653 _aFive year plan
942 _cBK
999 _c1317
_d1317